| 000 | 00330nam a2200121Ia 4500 | ||
|---|---|---|---|
| 008 | 230907s9999||||xx |||||||||||||| ||und|| | ||
| 082 |
_a370.72 _bCHO |
||
| 100 |
_aCohen, Louis, _9115940 |
||
| 245 | 0 | _aResearch methods in education / | |
| 260 |
_aRoutledge, _bLondon : | New York : _c2015 |
||
| 300 | _axxii, 758 p. : | ||
| 942 | _cBK | ||
| 999 |
_c600368 _d600368 |
||